Text Book of Machine Design (Record no. 7653)

MARC details
000 -LEADER
fixed length control field 00301nam a2200133Ia 4500
008 - FIXED-LENGTH DATA ELEMENTS--GENERAL INFORMATION
fixed length control field 191201s2014 xx 000 0 und d
100 ## - MAIN ENTRY--PERSONAL NAME
Personal name KHURMI, RS
245 #0 - TITLE STATEMENT
Title Text Book of Machine Design
250 ## - EDITION STATEMENT
Edition statement Rep
260 ## - PUBLICATION, DISTRIBUTION, ETC. (IMPRINT)
Date of publication, distribution, etc 2014
Name of publisher, distributor, etc S Chand
Place of publication, distribution, etc N. delhi
300 ## - PHYSICAL DESCRIPTION
Extent 1230
650 ## - SUBJECT ADDED ENTRY--TOPICAL TERM
Topical term or geographic name as entry element ME
942 ## - ADDED ENTRY ELEMENTS (KOHA)
Source of classification or shelving scheme Dewey Decimal Classification
Koha item type Book Bank
Holdings
Withdrawn status Lost status Source of classification or shelving scheme Damaged status Not for loan Collection code Home library Current library Date acquired Source of acquisition Cost, normal purchase price Bill Number Total Checkouts Acc. no. / Barcode Date last seen Actual Cost, discounted price Bill Date Koha item type
    Dewey Decimal Classification     B.Tech(ME) PIET C-LIBRARY PIET C-LIBRARY 28/02/2015 KIRTI PRAKASHAN, NEW DELHI 850.00 IN2283   BB11333 04/12/2019 654.50 28/02/2015 Book Bank
    Dewey Decimal Classification     B.Tech(ME) PIET C-LIBRARY PIET C-LIBRARY 28/02/2015 KIRTI PRAKASHAN, NEW DELHI 850.00 IN2283   BB11334 04/12/2019 654.50 28/02/2015 Book Bank

Design & Developed by: PIET Central Library
R70 Miles Stone Pattikalyana Samalkha Panipat 132102
mail ID :- [email protected], Phone No:- 0180-2569700 Ex.216